Using MIS / (Record no. 50226)

MARC details
000 -LEADER
fixed length control field 00885cam a22002654a 4500
001 - CONTROL NUMBER
control field 14116555
005 - DATE AND TIME OF LATEST TRANSACTION
control field 20170503162452.0
008 - FIXED-LENGTH DATA ELEMENTS--GENERAL INFORMATION
fixed length control field 050922s2007 njua 001 0 eng
010 ## - LIBRARY OF CONGRESS CONTROL NUMBER
LC control number 2005054966
020 ## - INTERNATIONAL STANDARD BOOK NUMBER
International Standard Book Number 0131433725
035 ## - SYSTEM CONTROL NUMBER
System control number (OCoLC)ocm61704864
040 ## - CATALOGING SOURCE
Original cataloging agency DLC
Transcribing agency DLC
Modifying agency YDX
-- BAKER
-- DLC
042 ## - AUTHENTICATION CODE
Authentication code pcc
050 00 - LIBRARY OF CONGRESS CALL NUMBER
Classification number HD30.213
Item number .K76 2007
082 00 - DEWEY DECIMAL CLASSIFICATION NUMBER
Classification number 658.4/038011
Edition number 22
100 1# - MAIN ENTRY--PERSONAL NAME
Personal name Kroenke, David M.,
Dates associated with a name 1948-
245 10 - TITLE STATEMENT
Title Using MIS /
Statement of responsibility, etc David M. Kroenke.
260 ## - PUBLICATION, DISTRIBUTION, ETC. (IMPRINT)
Place of publication, distribution, etc Upper Saddle River, N.J. :
Name of publisher, distributor, etc Pearson Prentice Hall,
Date of publication, distribution, etc c2007.
300 ## - PHYSICAL DESCRIPTION
Extent 1 v. (various pagings) :
Other physical details col. ill. ;
Dimensions 28 cm.
500 ## - GENERAL NOTE
General note Includes index.
650 #0 - SUBJECT ADDED ENTRY--TOPICAL TERM
Topical term or geographic name as entry element Management information systems.
906 ## - LOCAL DATA ELEMENT F, LDF (RLIN)
a 7
b cbc
c orignew
d 1
e ocip
f 20
g y-gencatlg
942 ## - ADDED ENTRY ELEMENTS (KOHA)
Source of classification or shelving scheme Library of Congress Classification
Item type Book
Holdings
Withdrawn status Lost status Source of classification or shelving scheme Damaged status Not for loan Collection code Home library Current library Shelving location Date acquired Source of acquisition Cost, normal purchase price Total Checkouts Full call number Barcode Date last seen Date last borrowed Copy number Price effective from Koha item type
    Library of Congress Classification     Non-fiction Bishop Okullu Memorial Library (Limuru Campus) Bishop Okullu Memorial Library (Limuru Campus) General Circulation 03/05/2017 Donation-BFA 3000.00 2 HD30.213 .K76 2007 053142 28/03/2025 12/03/2025 1 03/05/2017 Book